| 000 | 00910nac a22002531u 4500 | ||
|---|---|---|---|
| 010 | _a 2005031890 | ||
| 020 | _a0321370139 (alk. paper) | ||
| 035 | _a(OCoLC)ocm62281925 | ||
| 082 | 0 | 0 |
_a005.133 _bWEI |
| 090 |
_c5818 _d5818 |
||
| 100 | _aWeiss, Mark Allen. | ||
| 245 | 1 | 0 |
_aData structures and algorithm analysis in Java / _cMark Allen Weiss. |
| 250 | _a2nd ed. | ||
| 260 |
_aBoston : _bPeason Addison-Wesley,2007 _cc2007. |
||
| 300 |
_axviii, 555 p. : _bill. ; _c25 cm. |
||
| 500 | _adistributer: Al-Ahram, | ||
| 504 | _aIncludes bibliographical references and index. | ||
| 511 | _acatalogued by: wessam | ||
| 650 | 0 | _aJava (Computer program language) | |
| 650 | 0 | _aData structures (Computer science) | |
| 650 | 0 | _aComputer algorithms. | |
| 856 | 4 | 1 |
_3Table of contents only _uhttp://www.loc.gov/catdir/toc/ecip063/2005031890.html |
| 942 |
_cBB _k005.133WEI |
||
| 999 |
_c5818 _d5818 |
||